00484nam a2200193Ia 4500003000400000005001700004008004100021020001500062040000700077041000800084082002400092100003500116245003300151260004000184300001600224365001300240650001400253650002300267OSt20230329090416.0210423s2012 xx 000 0 und d a8130900610 cAL aeng a541.3028223b VISB aVISWANATHAN (B);RAGHAVAN (P S) aPractical physical chemistry aNew DelhibViva Books Pvt Ltdc2012 axii,356bPB b295cINR aChemistry aPhysical Chemistry